[Event "Rubinstein Memorial-C 55th"]
[Site "Polanica Zdroj"]
[Date "2019.08.17"]
[Round "1"]
[White "Starosciak, Adrian"]
[Black "Obrochta, Lena"]
[Result "0-1"]
[WhiteElo "1467"]
[BlackElo "1870"]
[PlyCount "50"]
[EventDate "2019.08.17"]
[EventType "swiss"]
[EventRounds "9"]
[EventCountry "POL"]
[SourceTitle "EXT 2020"]
[Source "ChessBase"]
[SourceDate "2019.10.17"]
[SourceVersion "1"]
[SourceVersionDate "2019.10.17"]
[SourceQuality "1"]

1. e4 c5 2. Nf3 e6 3. d4 cxd4 4. Nxd4 a6 5. Nc3 Qc7 6. Bd3 Nf6 7. 0-0 Be7 8. f4 d6 9. Nce2 Nbd7 10. Ng3 0-0 11. c3 g6 12. f5 e5 13. Nde2 b6 14. Bg5 Bb7 15. h4 Qc6 16. fxg6 hxg6 17. h5 d5 18. Qc2 Bc5+ 19. Kh2 dxe4 20. Bc4 Ng4+ 21. Kh3 Nf2+ 22. Kh4 b5 23. Bb3 Kg7 24. h6+ Kh7 25. Ng1 f6 0-1

[Event "Reykjavik op"]
[Site "Reykjavik"]
[Date "2015.03.15"]
[Round "7"]
[White "Olsen, William Sandberg"]
[Black "Starosciak, Adrian"]
[Result "1-0"]
[WhiteElo "1716"]
[BlackElo "1304"]
[PlyCount "89"]
[EventDate "2015.03.10"]
[EventType "swiss"]
[EventRounds "10"]
[EventCountry "ISL"]
[SourceTitle "CBM 165 Extra"]
[Source "ChessBase"]
[SourceDate "2015.04.21"]
[SourceVersion "1"]
[SourceVersionDate "2015.04.21"]
[SourceQuality "1"]

1. d4 d5 2. c4 e6 3. Nc3 Bb4 4. Qc2 Nf6 5. Bg5 Nbd7 6. Nf3 c5 7. e3 Qc7 8. cxd5 Nxd5 9. Rc1 Qa5 10. Nd2 cxd4 11. exd4 0-0 12. Bd3 N7f6 13. 0-0 Nxc3 14. bxc3 Qxg5 15. cxb4 Bd7 16. Nf3 Qh5 17. Ne5 Rac8 18. Qd2 Ng4 19. h3 Nxe5 20. dxe5 Qxe5 21. Bxh7+ Kxh7 22. Qxd7 Rxc1 23. Rxc1 Qb2 24. Qd3+ Kg8 25. Qb1 Qxb1 26. Rxb1 Rc8 27. Rb2 Kf8 28. Kf1 Ke7 29. Ke2 Rd8 30. Ke3 Kf6 31. Rc2 Rd7 32. f4 g5 33. fxg5+ Kxg5 34. g3 b6 35. Rc8 f5 36. Rg8+ Kf6 37. h4 Rg7 38. Rxg7 Kxg7 39. a4 a6 40. a5 bxa5 41. bxa5 e5 42. Kf3 Kf6 43. Ke3 Kg6 44. Kf2 Kh5 45. Kf3 1-0

[Event "Reykjavik op"]
[Site "Reykjavik"]
[Date "2015.03.14"]
[Round "6"]
[White "Starosciak, Adrian"]
[Black "Van Zyl Rudd, Jack"]
[Result "0-1"]
[WhiteElo "1304"]
[BlackElo "1648"]
[PlyCount "88"]
[EventDate "2015.03.10"]
[EventType "swiss"]
[EventRounds "10"]
[EventCountry "ISL"]
[SourceTitle "CBM 165 Extra"]
[Source "ChessBase"]
[SourceDate "2015.04.21"]
[SourceVersion "1"]
[SourceVersionDate "2015.04.21"]
[SourceQuality "1"]

1. e4 c5 2. Nf3 e6 3. d4 cxd4 4. Nxd4 Nc6 5. Nc3 Qc7 6. Ncb5 Qb8 7. Bd3 a6 8. Nxc6 bxc6 9. Nc3 Nf6 10. Rb1 d5 11. Bg5 Nd7 12. 0-0 Bd6 13. Qh5 Bf4 14. Ne2 Bxg5 15. Qxg5 0-0 16. Qh4 Nc5 17. Rfd1 Nxd3 18. cxd3 Qb6 19. Nf4 Qd8 20. Qg3 Qf6 21. b3 Bb7 22. f3 Rac8 23. Ne2 c5 24. Rdc1 Rfd8 25. Qf2 Qe7 26. Rc2 Rd7 27. d4 dxe4 28. dxc5 exf3 29. gxf3 Qg5+ 30. Kf1 Qf5 31. Nd4 Rxd4 32. Qxd4 Qxc2 33. Rd1 h6 34. Qd7 Rxc5 35. Rd2 Qc1+ 36. Ke2 Re5+ 37. Kf2 Qe1+ 38. Kg2 Re2+ 39. Rxe2 Qxe2+ 40. Kg1 Bxf3 41. Qd8+ Kh7 42. Qd3+ Qxd3 43. Kf2 Qe2+ 44. Kg3 g5 0-1

[Event "Reykjavik op"]
[Site "Reykjavik"]
[Date "2015.03.11"]
[Round "3"]
[White "Starosciak, Adrian"]
[Black "Steingrimsson, Karl Egill"]
[Result "1-0"]
[WhiteElo "1304"]
[BlackElo "1720"]
[PlyCount "51"]
[EventDate "2015.03.10"]
[EventType "swiss"]
[EventRounds "10"]
[EventCountry "ISL"]
[SourceTitle "CBM 165 Extra"]
[Source "ChessBase"]
[SourceDate "2015.04.21"]
[SourceVersion "1"]
[SourceVersionDate "2015.04.21"]
[SourceQuality "1"]

1. e4 c5 2. Nf3 Nc6 3. Bc4 e6 4. Nc3 a6 5. a4 d6 6. d4 cxd4 7. Nxd4 Be7 8. b4 Nxb4 9. Rb1 d5 10. exd5 exd5 11. Qe2 a5 12. Bb5+ Kf8 13. 0-0 Bd7 14. Re1 Bf6 15. Be3 Rc8 16. Bxd7 Qxd7 17. Ncb5 Ne7 18. c3 Nbc6 19. Nxc6 bxc6 20. Nd4 Bxd4 21. Bxd4 Re8 22. Bc5 f6 23. Bxe7+ Rxe7 24. Rb8+ Kf7 25. Qxe7+ Qxe7 26. Rxe7+ 1-0